Música para camaleones / (Record no. 16998)

MARC details
000 -LEADER
campo de control de longitud fija 00728nam a2200241 i 4500
001 - NÚMERO DE CONTROL
campo de control 16998
003 - IDENTIFICADOR DE NÚMERO DE CONTROL
campo de control ES-MaACL
005 - FECHA Y HORA DE LA ÚLTIMA TRANSACCIÓN
campo de control 20230906151459.0
007 - CAMPO FIJO DE DESCRIPCIÓN FÍSICA--INFORMACIÓN GENERAL
campo de control de longitud fija t|
008 - DATOS DE LONGITUD FIJA--INFORMACIÓN GENERAL
campo de control de longitud fija 001213s2000 sp ||||1| spa d
020 ## - NÚMERO INTERNACIONAL ESTÁNDAR DEL LIBRO
Número Internacional Estándar del Libro 84-339-1436-7
080 ## - NÚMERO DE LA CLASIFICACIÓN DECIMAL UNIVERSAL
Número de la Clasificación Decimal Universal 821.111(73)-31"19"
100 1# - ENTRADA PRINCIPAL--NOMBRE DE PERSONA
Nombre de persona Capote, Truman.
9 (RLIN) 34884
245 10 - MENCIÓN DEL TÍTULO
Título Música para camaleones /
Mención de responsabilidad, etc. Truman Capote ; traducción de Benito Gómez Ibañez.
250 ## - MENCION DE EDICION
Mención de edición 4ª ed. en "Compactos".
260 ## - PUBLICACIÓN, DISTRIBUCIÓN, ETC.
Lugar de publicación, distribución, etc. Barcelona :
Nombre del editor, distribuidor, etc. Anagrama,
Fecha de publicación, distribución, etc. 2000.
300 ## - DESCRIPCIÓN FÍSICA
Extensión 282 p. ;
Dimensiones 19 cm.
490 1# - MENCIÓN DE SERIE
Mención de serie Compactos Anagrama ;
Designación de volumen o secuencia 106
700 1# - ENTRADA AGREGADA--NOMBRE PERSONAL
Nombre de persona Gómez Ibáñez, Benito.
9 (RLIN) 57986
830 0# - PUNTO DE ACCESO ADICIONAL DE SERIE-TÍTULO UNIFORME
Título uniforme Compactos Anagrama ;
Designación de volumen o secuencia 106
9 (RLIN) 180205
852 ## - LOCALIZACIÓN
Ubicación ES-MaACL
Número de control de estantería L-24062
Sublocalización o colección R.129097
Holdings
Estatus retirado Estado de pérdida Estado de daño No para préstamo Biblioteca de origen Biblioteca actual Ubicación en estantería Fecha de adquisición Fuente de adquisición Total de préstamos Signatura topográfica completa Código de barras Visto por última vez Precio de reemplazo Tipo de ítem Koha
        Biblioteca del Ateneo de Madrid Biblioteca del Ateneo de Madrid Depósito 2 17/01/2008     L-24062 1017343 23/02/2023 23/02/2023 Libro impreso